| 000 | 00423nam a22001577a 4500 | ||
|---|---|---|---|
| 005 | 20241023135405.0 | ||
| 008 | 241023b |||||||| |||| 00| 0 eng d | ||
| 020 |
_a9789988306755 _qPaperback |
||
| 050 |
_aBS680 _b.L5As1 2020 |
||
| 100 | _aAsamoah, Frederick | ||
| 245 |
_aLife Dies _cAsamoah, Frederick |
||
| 260 |
_aGhana _bRole Model Africa _cc.2020 |
||
| 300 |
_axx, 222 pages _c23cm |
||
| 650 | _2Life | ||
| 942 |
_2lcc _cBK _n0 |
||
| 999 |
_c142 _d142 |
||